|
|
|
|
| LEADER |
00728nab a2200205 i 4500 |
| 001 |
acta18500 |
| 005 |
20210721130753.0 |
| 008 |
161015s1985 hu o 0|| hun d |
| 022 |
|
|
|a 0238-3624
|
| 040 |
|
|
|a SZTE Egyetemi Kiadványok Repozitórium
|b hun
|
| 041 |
|
|
|a hun
|
| 100 |
1 |
|
|a Polgár József
|
| 245 |
1 |
0 |
|a Uj [!új] elven müködő [!működő] fuzios [!fúziós] perimeter
|h [elektronikus dokumentum] /
|c Polgár József
|
| 260 |
|
|
|c 1985
|
| 300 |
|
|
|a 14
|
| 490 |
0 |
|
|a Szegedi Orvostudományi Egyetem újítói és újításai
|v 1
|
| 695 |
|
|
|a Orvostudomány, Fizika
|
| 700 |
0 |
1 |
|a Hajas Katalin
|e aut
|
| 700 |
0 |
1 |
|a Márkus György
|e aut
|
| 856 |
4 |
0 |
|u http://acta.bibl.u-szeged.hu/18500/1/szote_ujito_1985_014.pdf
|z Dokumentum-elérés
|